00792nam a2200253 u 450000100070000000500170000700800410002403500110006504000130007604100080008908000060009710000390010324500680014226000210021030000170023165000200024865000290026865000260029765000120032365000310033565000490036665000500041577300730046515998020240201125830.0971217s1939 ||||||m| spa  a159980 ccomduadb aspa aT10aCervantes Zamora, Anibal4auteaut10aLa operacion de halban para el tratamiento del prolapso genital aBogotá,c1939. a67 páginas aUtero - Cirugia aTécnicas quirúrgicas 7aSistema urinario2dcs aPerineo aTratamientos quirúrgicos aCasos, historias clinicas, estadisticas, etc aHistoria de la medicina - Colombia - Siglo XX0 tEl prolapso genital y su tratamiento quirurgicog67p.w159947080099